00263 a2200109 4500000002500000100001600025110001600041245001700057250001900074260003000093264003000123 nam a22 7a 4500 aAtul Shukla aAtul Shukla aYog Chikitsa alatest edition bkhel sahitya kendrac2025 bkhel sahitya kendrac2025